01746nam a2200289 i 4500001000300000003000400003005001700007008003900024015001700063040001400080041001300094080001300107080000900120245043100129246010300560246013600663260005200799300004500851500027800896504002501174546003301199650002701232650003201259700002601291700004101317856009801358bgBPK20200513112528.0981030s1987 pl a f |100 0 pol aPB 1987/5088 aWA NcBPK0 apolbger a628.1/.8 a(06)00aII Ogólnopolska konferencja naukowa na temat Kompleksowe i szczegółowe problemy inżynierii środowiska :bzbiór referatów.nZ. 6 - monotematyczny,pStudium teoretyczno-badawcze dynamiki ziarna nad sitem przesiewacza wibracyjnego w procesie frakcjowania kruszyw budowlanych /caut. Janusz Maciążek, Tadeusz Piecuch ; Instytut Inżynierii Sanitarnej. Politechnika Częstochowska ; [red. nacz. Tadeusz Piecuch].15aPolnische wissenschaftliche Konferenz zum Thema Komplex - und Detailprobleme der Umwelttechnik, 2.15aTheoretisch-wissenchaftliches Studium der Korndynamik über die Vibrationsfläche im Prozess der Bauzuschlagsstoffsfraktionieren. aCzęstochowa ;aUstronie Morskie :bPC,c1987. a[2], 164 s. :b1 portr., wykr. ;c24 cm. aTyt. równol.: II Polnische wissenschaftliche Konferenz zum Thema Komplex - und-Detailprobleme der Umwelttechnik : Sammlung der Vorträge. Theoretisch-wissenschaftliches Studium der Korndynamik über die Vibrationsfläche im Prozess der Bauzuschlagsstoffsfraktionieren. aBibliogr. przy ref.  a Spis treści także niem. 4aKruszywoxtechnologia. 4aPrzesiewaczexeksploatacja.1 aMaciążek, Janusz.1 aPiecuch, Tadeuszd(1946-2018)eAutor uhttp://koha.tu.koszalin.pl/cgi-bin/koha/opac-detail.pl?biblionumber=23421yKatalog online BPK